000 00446nam a2200145 4500
001 139659
003 ES-MaACL
007 t|
008 070214s1984 xxk r ||||1| eng d
100 1 _aScheven, Yvette.
_9104324
245 1 0 _aBibliographies for African studies
_b: 1980-1983 /
_cYvette Schevern.
260 _aOxford ;
_aMünchen [etc.] :
_bZell :
_bSaur,
_c1984.
300 _aXIII, 300 p. ;
_c22 cm.
852 _aES-MaACL
_jL-9842
_bR.111986
999 _c139659
_d139659